000 01103cam a2200253Ia 4500
001 heritage00west
003 CaSfIA
005 20210118095938.0
007 cr||||
008 870618t19571955nyu 000 1 eng d
040 _aUMS
_cUMS
_dOCLCG
_dCaSfIA
035 _a(OCoLC)15995486
090 _aPR6045.E763
_bH4 1957
100 1 _aWest, Anthony,
_d1914-1987.
245 1 0 _aHeritage /
_h[electronic resource]
_cby Anthony West.
250 _aCardinal ed.
260 _aNew York :
_bPocket Books,
_c1957, c1955.
300 _a276 p. ;
_c18 cm.
856 4 1 _uhttp://www.archive.org/details/heritage00west
_zFree eBook from the Internet Archive
856 4 2 _uhttp://www.openlibrary.org/books/OL24209407M
_zAdditional information and access via Open Library
942 _cEB
506 _fНеобхідна авторизація на https://archive.org/ (створення облікового запису безкоштовно)
506 _fНеобхідна авторизація на https://openlibrary.org/ (створення облікового запису безкоштовно)
999 _c506204
_d506204